[Event "III Weekend A"]
[Site "Novi Ligure ITA"]
[Date "2008.10.11"]
[Round "2"]
[White "Brigati, Alessandro"]
[Black "De Santis, Alessio"]
[Result "0-1"]
[WhiteElo "2090"]
[BlackElo "2263"]
[PlyCount "86"]
[EventDate "2008.10.10"]

1. d4 e6 2. Bf4 b6 3. e3 Bb7 4. Nf3 f5 5. Bd3 Nf6 6. h3 Be7 7. c4 O-O 8. O-O c5
9. Nc3 Ne4 10. Bxe4 fxe4 11. Nd2 cxd4 12. Ncxe4 d5 13. cxd5 exd5 14. Bxb8 Qxb8
15. Qb3 Kh8 16. Ng3 Ba6 17. exd4 Bxf1 18. Rxf1 Bh4 19. Qxd5 Bxg3 20. fxg3 Qxg3
21. Rxf8+ Rxf8 22. Nf3 Rc8 23. Kf1 Rc1+ 24. Ke2 Qxg2+ 25. Ke3 Re1+ 26. Kf4 Re8
27. Qf7 Qe2 28. b4 Qe4+ 29. Kg3 Qe7 30. Qxe7 Rxe7 31. Ne5 Kg8 32. b5 Rxe5 33.
dxe5 Kf7 34. Kf4 Ke6 35. h4 g6 36. Ke4 h6 37. a3 g5 38. hxg5 hxg5 39. a4 g4 40.
Kf4 g3 41. Kxg3 Kxe5 42. Kf3 Kd4 43. Ke2 Kc3 0-1

[Event "III Weekend A"]
[Site "Novi Ligure ITA"]
[Date "2008.10.11"]
[Round "2"]
[White "Laketic, Gojko"]
[Black "De Florio, Federico"]
[Result "1-0"]
[WhiteElo "2451"]
[BlackElo "2142"]
[PlyCount "67"]
[EventDate "2008.10.10"]

1. d4 d5 2. Nf3 Nf6 3. c4 e6 4. Nc3 c6 5. e3 Nbd7 6. Qc2 Bd6 7. e4 dxe4 8. Nxe4
Nxe4 9. Qxe4 e5 10. Bd3 Qe7 11. O-O exd4 12. Re1 Qxe4 13. Rxe4+ Kf8 14. Rxd4
Be7 15. Bf5 Nf6 16. Bxc8 Rxc8 17. Bg5 Rd8 18. Rxd8+ Bxd8 19. Re1 h6 20. Be3 Bb6
21. Kf1 g6 22. c5 Ba5 23. Bd4 Bd8 24. Re3 Kg7 25. Ra3 b6 26. Rxa7 bxc5 27. Bc3
Re8 28. Ne5 Nd5 29. Nxf7+ Nxc3 30. bxc3 Re7 31. Rxe7 Bxe7 32. Ne5 Bf6 33. Nxc6
Bxc3 34. a4 1-0

[Event "III Weekend A"]
[Site "Novi Ligure ITA"]
[Date "2008.10.11"]
[Round "2"]
[White "Roatta, Luca"]
[Black "Kizov, Atanas"]
[Result "0-1"]
[WhiteElo "2120"]
[BlackElo "2439"]
[PlyCount "68"]
[EventDate "2008.10.10"]

1. d4 d5 2. c3 Nf6 3. Nf3 c5 4. dxc5 e6 5. b4 a5 6. e3 axb4 7. cxb4 b6 8. Bb2
bxc5 9. b5 c4 10. Bc3 Ne4 11. a4 Nxc3 12. Nxc3 Bb4 13. Qc2 Qa5 14. Kd2 Nd7 15.
Nd4 Bb7 16. Nde2 Nc5 17. Kd1 Nd3 18. Rg1 Nxf2+ 19. Kc1 Nd3+ 20. Kb1 e5 21. Nd1
O-O 22. g4 Ne1 23. Qb2 Nf3 24. Rg3 Nd2+ 25. Kc2 Nxf1 26. Rh3 d4 27. Ng3 d3+ 28.
Kb1 c3 29. Qf2 Nd2+ 30. Kc1 Nb3+ 31. Kb1 c2+ 32. Kb2 cxd1=N+ 33. Rxd1 Bc3+ 34.
Kb1 Qxa4 0-1

[Event "III Weekend A"]
[Site "Novi Ligure ITA"]
[Date "2008.10.11"]
[Round "3"]
[White "Aghayev, Miragha"]
[Black "Coqueraut, Jean Dominique"]
[Result "1-0"]
[WhiteElo "2065"]
[BlackElo "1892"]
[PlyCount "56"]
[EventDate "2008.10.10"]

1. e4 d6 2. d4 Nf6 3. Nc3 g6 4. f4 Bg7 5. Nf3 c6 6. Bd3 O-O 7. O-O e5 8. dxe5
Qb6+ 9. Kh1 Ng4 10. Qe1 dxe5 11. h3 Nf6 12. Nxe5 Ne8 13. Be3 Qa5 14. Nc4 Qb4
15. Qf2 b6 16. e5 Be6 17. a3 Qe7 18. Ne4 Bxc4 19. Bxc4 Nd7 20. Ng5 h6 21. Nxf7
Rxf7 22. e6 Rxf4 23. Bxf4 Nef6 24. Rad1 b5 25. Ba2 Kh7 26. Qe2 a6 27. c3 Ra7
28. Bc1 Qc5 1-0

[Event "III Weekend A"]
[Site "Novi Ligure ITA"]
[Date "2008.10.11"]
[Round "3"]
[White "Bonade', Massimo"]
[Black "Arata, Roberto Mario"]
[Result "0-1"]
[WhiteElo "2118"]
[BlackElo "2199"]
[PlyCount "86"]
[EventDate "2008.10.10"]

1. d4 d5 2. c4 dxc4 3. Nf3 Nf6 4. e3 e6 5. Bxc4 c5 6. O-O a6 7. Qe2 Nc6 8. Rd1
Qc7 9. Nc3 b5 10. Bb3 c4 11. Bc2 Nb4 12. Bb1 Bb7 13. e4 Be7 14. a3 Nc6 15. d5
Nd8 16. d6 Bxd6 17. e5 Be7 18. exf6 Bxf6 19. Ne4 Be7 20. Bg5 f6 21. Be3 O-O 22.
Qc2 f5 23. Ned2 Qc6 24. a4 Bf6 25. axb5 axb5 26. Rxa8 Bxa8 27. Ne1 Nf7 28. Ndf3
g6 29. Nd4 Qa6 30. Nef3 Re8 31. h3 Nd6 32. Bg5 Bg7 33. Qc1 e5 34. Ne2 f4 35.
Qd2 Nf7 36. Qd7 Bc6 37. Qg4 b4 38. h4 c3 39. Ne1 h5 40. Qh3 Qxe2 41. Qd3 Qxd3
42. Nxd3 Nxg5 43. Nxb4 Ba4 0-1

[Event "III Weekend A"]
[Site "Novi Ligure ITA"]
[Date "2008.10.11"]
[Round "3"]
[White "Bozzali, Ermanno"]
[Black "Mrdja, Milan"]
[Result "0-1"]
[WhiteElo "2154"]
[BlackElo "2401"]
[PlyCount "90"]
[EventDate "2008.10.10"]

1. e4 Nf6 2. e5 Nd5 3. Nc3 Nxc3 4. dxc3 Nc6 5. Bf4 d6 6. exd6 cxd6 7. Qd2 e5 8.
Be3 Be6 9. h4 Be7 10. h5 h6 11. Bb5 Qc7 12. Ne2 a6 13. Ba4 O-O 14. Bb3 d5 15.
O-O-O Na5 16. f4 f6 17. Ng3 Nc4 18. Bxc4 Qxc4 19. b3 Qc6 20. f5 Bf7 21. Rh4
Rfe8 22. Kb2 Kh8 23. Qf2 Rac8 24. Bd2 d4 25. Qf3 Bd5 26. Ne4 Red8 27. Rc1 dxc3+
28. Bxc3 Rd7 29. Be1 Rdc7 30. Qe2 b5 31. Ba5 Rd7 32. Rg4 Bf8 33. Nc3 Bf7 34.
Rh4 Rd4 35. Rhh1 Bc5 36. Rhf1 Rh4 37. g4 Bd4 38. Qf3 Qxf3 39. Rxf3 Rxg4 40. Kb1
Bxh5 41. Ne2 Ba7 42. Rd3 Rg2 43. Ng3 Bg4 44. Nf1 Bxf5 45. Rd6 Bc5 0-1

[Event "III Weekend A"]
[Site "Novi Ligure ITA"]
[Date "2008.10.11"]
[Round "3"]
[White "De Florio, Federico"]
[Black "Lucchese, Paolo"]
[Result "1-0"]
[WhiteElo "2142"]
[BlackElo "2018"]
[PlyCount "61"]
[EventDate "2008.10.10"]

1. d4 d5 2. Nf3 Nf6 3. e3 e6 4. Bd3 c5 5. O-O Nc6 6. b3 Be7 7. Bb2 O-O 8. c4 b6
9. Nc3 cxd4 10. exd4 dxc4 11. bxc4 Bb7 12. a3 Na5 13. Ne5 Nc6 14. Nxc6 Bxc6 15.
Qe2 Re8 16. Rfd1 Bf8 17. Ne4 Nxe4 18. Bxe4 Bxe4 19. Qxe4 Qc7 20. Rac1 Rac8 21.
h4 h5 22. Qf3 g6 23. d5 Bg7 24. Bxg7 Kxg7 25. d6 Qd7 26. c5 bxc5 27. Qe3 Rc6
28. Rxc5 Rec8 29. Qc3+ f6 30. Rxc6 Rxc6 31. Qxc6 1-0

[Event "III Weekend A"]
[Site "Novi Ligure ITA"]
[Date "2008.10.11"]
[Round "3"]
[White "Kizov, Atanas"]
[Black "De Santis, Alessio"]
[Result "1-0"]
[WhiteElo "2439"]
[BlackElo "2263"]
[PlyCount "95"]
[EventDate "2008.10.10"]

1. d4 f5 2. g3 Nf6 3. Bg2 g6 4. Nf3 Bg7 5. O-O O-O 6. Nbd2 c6 7. Re1 d5 8. c4
e6 9. b3 Nbd7 10. Bb2 a5 11. a3 b5 12. a4 bxc4 13. bxc4 Ba6 14. Rc1 Ne4 15. Ba3
Re8 16. e3 Nxd2 17. Nxd2 Bf8 18. Bxf8 Rxf8 19. cxd5 cxd5 20. Rc6 Qe7 21. Qb3
Kh8 22. Qc3 Rfc8 23. Rb1 Qd8 24. Bf1 Bxf1 25. Kxf1 Nf8 26. Rb7 Rxc6 27. Qxc6
Rb8 28. Nb3 f4 29. exf4 Rc8 30. Qb5 Qf6 31. Rb8 Rc4 32. Qe8 Kg7 33. Nc5 Qf5 34.
Qxf8+ Qxf8 35. Nxe6+ Kf7 36. Nxf8 Rxd4 37. Nxh7 Rxa4 38. Ng5+ Kg7 39. Rd8 Ra1+
40. Ke2 a4 41. Rd7+ Kg8 42. Rxd5 a3 43. Ra5 a2 44. Ra7 Kf8 45. h4 Kg8 46. Nf3
Kf8 47. Ne5 Kg8 48. Nxg6 1-0

[Event "III Weekend A"]
[Site "Novi Ligure ITA"]
[Date "2008.10.11"]
[Round "3"]
[White "Porzio, Massimo"]
[Black "Brigati, Alessandro"]
[Result "1-0"]
[WhiteElo "1866"]
[BlackElo "2090"]
[PlyCount "57"]
[EventDate "2008.10.10"]

1. e4 d6 2. c4 Nf6 3. Nc3 g6 4. d4 Bg7 5. Be2 Nbd7 6. Nf3 O-O 7. O-O e5 8. d5
Nc5 9. Qc2 a5 10. Nd2 Ne8 11. Nb3 f5 12. Nxc5 dxc5 13. Be3 b6 14. f3 f4 15. Bf2
Nd6 16. a3 h5 17. b4 axb4 18. axb4 Rxa1 19. Rxa1 cxb4 20. Na2 g5 21. c5 bxc5
22. Bxc5 g4 23. Nxb4 Qh4 24. Bf1 gxf3 25. gxf3 Bd7 26. Bxd6 cxd6 27. Qc7 Bh3
28. Bxh3 Qxh3 29. Ra7 1-0

[Event "III Weekend A"]
[Site "Novi Ligure ITA"]
[Date "2009.10.11"]
[Round "3"]
[White "Quirico, Paolo"]
[Black "De Leon Cultri Fascetti, Angelo"]
[Result "0-1"]
[WhiteElo "2097"]
[BlackElo "2142"]
[PlyCount "110"]
[EventDate "2008.10.10"]

1. d4 d5 2. Bf4 Nc6 3. e3 Nf6 4. c4 e6 5. Nf3 Bd6 6. Bxd6 Qxd6 7. Nc3 O-O 8.
Be2 dxc4 9. Bxc4 a6 10. O-O b5 11. Bd3 Bb7 12. Ne4 Nxe4 13. Bxe4 f5 14. Bc2
Rad8 15. Rc1 Rf6 16. Qe2 Rh6 17. Rfd1 Nb4 18. Bb3 Bxf3 19. Qxf3 Qxh2+ 20. Kf1
Nd5 21. Rc5 Ne7 22. Qb7 Qh1+ 23. Ke2 Qh5+ 24. Kd2 Qh4 25. f3 Qg5 26. Rxc7 Rxd4+
27. Kc2 Rxd1 28. Kxd1 Kf7 29. f4 Qf6 30. Rc2 Qg6 31. Rc7 Qf6 32. Rc2 Rg6 33.
Qa7 Rg3 34. Qxa6 Rxe3 35. Qxb5 Qd4+ 36. Rd2 Qxf4 37. Kc2 Qe4+ 38. Kc1 Qf4 39.
Ba4 Re1+ 40. Kc2 Qc7+ 41. Kb3 Re3+ 42. Kb4 Nd5+ 43. Rxd5 exd5 44. Qxd5+ Kf6 45.
Qd4+ Qe5 46. Qh4+ Kg6 47. Bc6 Qxb2+ 48. Kc5 Rc3+ 49. Kd6 Qb8+ 50. Kd5 Qd8+ 51.
Qxd8 Rd3+ 52. Ke5 Rxd8 53. a4 Rd1 54. Be8+ Kg5 55. Bb5 Re1+ 0-1

[Event "III Weekend A"]
[Site "Novi Ligure ITA"]
[Date "2008.10.12"]
[Round "4"]
[White "De Leon Cultri Fascetti, Angelo"]
[Black "Astengo, Marcello"]
[Result "1-0"]
[WhiteElo "2142"]
[BlackElo "2100"]
[PlyCount "75"]
[EventDate "2008.10.10"]

1. d4 d5 2. c4 c6 3. Nc3 e6 4. cxd5 exd5 5. Qc2 Nf6 6. Bg5 Nbd7 7. e3 Bd6 8.
Bd3 h6 9. Bh4 O-O 10. Nf3 b6 11. O-O Bb7 12. e4 dxe4 13. Nxe4 Be7 14. Rfe1 Rc8
15. Rad1 Re8 16. Ne5 Nxe4 17. Bxe7 Rxe7 18. Bxe4 Nxe5 19. dxe5 Qc7 20. f4 Rd8
21. Rxd8+ Qxd8 22. Rd1 Rd7 23. Rxd7 Qxd7 24. Qd3 Qxd3 25. Bxd3 c5 26. Kf2 Bd5
27. b3 Kf8 28. g4 g5 29. f5 Ke7 30. Ke3 Kd7 31. Be4 Bc6 32. Bxc6+ Kxc6 33. Ke4
Kd7 34. Kd5 Ke7 35. Kc6 Kd8 36. a4 Kc8 37. a5 bxa5 38. Kxc5 1-0

[Event "III Weekend A"]
[Site "Novi Ligure ITA"]
[Date "2008.10.12"]
[Round "4"]
[White "Giudici, Alberto"]
[Black "Quirico, Paolo"]
[Result "0-1"]
[WhiteElo "2018"]
[BlackElo "2097"]
[PlyCount "84"]
[EventDate "2008.10.10"]

1. d4 Nf6 2. Nf3 e6 3. Bf4 b6 4. e3 Bb7 5. Bd3 Be7 6. Nbd2 Nh5 7. Bg3 d6 8. c3
Nd7 9. Qe2 a6 10. e4 c5 11. e5 Nxg3 12. hxg3 cxd4 13. cxd4 dxe5 14. dxe5 Nc5
15. Be4 Nxe4 16. Nxe4 Bb4+ 17. Kf1 Qc7 18. a3 Be7 19. Rd1 Rd8 20. Rxd8+ Qxd8
21. Nfd2 Qd4 22. Nd6+ Bxd6 23. exd6 Qxd6 24. Nf3 Qc6 25. Rh4 Qc1+ 26. Ne1 O-O
27. Rc4 Qg5 28. Nf3 Qh5 29. Rh4 Bxf3 30. gxf3 Qa5 31. Qd3 h6 32. b4 Qa4 33. g4
Qb5 34. Ke2 Qe5+ 35. Kf1 Qb5 36. Ke2 Rd8 37. Qxb5 axb5 38. Rh5 Rd5 39. Rxd5
exd5 40. Kd3 g6 41. f4 h5 42. Ke3 h4 0-1

[Event "III Weekend A"]
[Site "Novi Ligure ITA"]
[Date "2008.10.12"]
[Round "4"]
[White "Mrdja, Milan"]
[Black "Di Paolo, Raffaele"]
[Result "1-0"]
[WhiteElo "2401"]
[BlackElo "2352"]
[PlyCount "105"]
[EventDate "2008.10.10"]

1. e4 e6 2. d4 d5 3. Nc3 Bb4 4. e5 c5 5. Qg4 g6 6. Nf3 Nc6 7. Bb5 f5 8. Qf4 h6
9. h4 Nge7 10. Bd2 Bd7 11. Bxc6 Bxc6 12. dxc5 Bxc5 13. Be3 Qb6 14. Bxc5 Qxc5
15. Nd4 Bd7 16. O-O-O O-O-O 17. Nce2 Nc6 18. Rh3 Kb8 19. Rg3 Rdg8 20. Nxc6+
Bxc6 21. Nd4 Bd7 22. Qe3 Qf8 23. f4 Qe7 24. Rh1 Rg7 25. Qf2 Rc8 26. Re3 b6 27.
Nf3 Rc4 28. Qd2 Ba4 29. Rc3 Rxc3 30. Qxc3 Qc5 31. Qd2 Rc7 32. b3 Bd7 33. h5
gxh5 34. Rxh5 Qf8 35. Kb2 Qg7 36. Nd4 Rc8 37. Rh3 Kb7 38. a4 Rg8 39. Qb4 Rc8
40. g3 Rc5 41. Qe1 Rc8 42. Qe2 Rh8 43. Qf2 Qg4 44. Rh1 Qg7 45. Rd1 Rg8 46. Rd3
Rc8 47. Qd2 Qe7 48. c4 Rc5 49. cxd5 Rxd5 50. Qg2 Bc6 51. Rc3 Bd7 52. Nxf5 Qb4
53. Ne3 1-0

[Event "III Weekend A"]
[Site "Novi Ligure ITA"]
[Date "2008.10.12"]
[Round "4"]
[White "Roatta, Luca"]
[Black "Porzio, Massimo"]
[Result "1-0"]
[WhiteElo "2120"]
[BlackElo "1866"]
[PlyCount "51"]
[EventDate "2008.10.10"]

1. d4 Nf6 2. Nf3 e6 3. c3 d5 4. Bf4 Bd6 5. Ne5 O-O 6. e3 c5 7. Bd3 Qc7 8. Bg3
Nbd7 9. f4 Ne4 10. Nd2 f5 11. Bh4 Ndf6 12. h3 cxd4 13. exd4 Nxd2 14. Qxd2 Ne4
15. Qe2 Be7 16. Bxe7 Qxe7 17. Bxe4 Qh4+ 18. Qf2 Qxf2+ 19. Kxf2 dxe4 20. Rad1
Rd8 21. c4 Bd7 22. Ke3 Bc6 23. g4 Rd6 24. gxf5 exf5 25. d5 Rad8 26. dxc6 1-0

[Event "III Weekend A"]
[Site "Novi Ligure ITA"]
[Date "2008.10.12"]
[Round "5"]
[White "Aghayev, Miragha"]
[Black "Porzio, Massimo"]
[Result "1-0"]
[WhiteElo "2065"]
[BlackElo "1866"]
[PlyCount "39"]
[EventDate "2008.10.10"]

1. e4 d5 2. exd5 Qxd5 3. Nc3 Qa5 4. d4 Nf6 5. h3 Ne4 6. Qd3 Nxc3 7. Bd2 c6 8.
Bxc3 Qb6 9. Nf3 Nd7 10. Be2 Nf6 11. O-O-O e6 12. Ne5 Bd6 13. f4 Nd5 14. g3 Nxc3
15. Qxc3 Bd7 16. Kb1 Bxe5 17. dxe5 O-O-O 18. Rd6 Be8 19. Rhd1 Rxd6 20. exd6 1-0

[Event "III Weekend A"]
[Site "Novi Ligure ITA"]
[Date "2008.10.12"]
[Round "5"]
[White "De Florio, Federico"]
[Black "Cavatorta, Fosco"]
[Result "1-0"]
[WhiteElo "2142"]
[BlackElo "1923"]
[PlyCount "93"]
[EventDate "2008.10.10"]

1. d4 d6 2. Nf3 Bg4 3. Nbd2 Nf6 4. c3 e6 5. Qb3 Qc8 6. e4 Bh5 7. Bd3 Be7 8. O-O
Bg6 9. Ne1 d5 10. e5 Bxd3 11. Nxd3 Nfd7 12. c4 dxc4 13. Nxc4 O-O 14. Be3 Nc6
15. Rac1 Rd8 16. Rfd1 Nb6 17. Nxb6 axb6 18. Nf4 Bg5 19. Ne2 Bxe3 20. fxe3 Rd7
21. Nf4 Qd8 22. Rf1 Qe7 23. a3 Rad8 24. Rf3 g6 25. Rcf1 Rf8 26. Nxe6 Na5 27.
Qa2 Qxe6 28. Qxe6 fxe6 29. Rxf8+ Kg7 30. Rc8 c6 31. Rc1 b5 32. Kf2 Nc4 33. Rc2
Nb6 34. Rb8 Nd5 35. Ke2 h5 36. Ra8 Kh6 37. h4 Kg7 38. Ra7 Ne7 39. g3 Nf5 40.
Rxc6 Nxg3+ 41. Kd3 Nf5 42. Rb6 Nxh4 43. Rbxb7 Rxb7 44. Rxb7+ Kh6 45. d5 exd5
46. e6 Nf5 47. e7 1-0

[Event "III Weekend A"]
[Site "Novi Ligure ITA"]
[Date "2008.10.12"]
[Round "5"]
[White "De Santis, Alessio"]
[Black "Roatta, Luca"]
[Result "1-0"]
[WhiteElo "2263"]
[BlackElo "2120"]
[PlyCount "77"]
[EventDate "2008.10.10"]

1. d4 d5 2. c4 c6 3. Nc3 Nf6 4. Nf3 e6 5. g3 Nbd7 6. Bg2 Be7 7. O-O O-O 8. Qc2
Re8 9. Rd1 h6 10. b3 Bd6 11. Bb2 Qe7 12. e4 dxe4 13. Nxe4 Nxe4 14. Qxe4 Nf6 15.
Qc2 Bd7 16. a4 Rad8 17. a5 a6 18. Ne5 Bc8 19. Nd3 Qc7 20. Bc3 Nd7 21. Qb2 Bf8
22. b4 g6 23. d5 e5 24. dxc6 bxc6 25. b5 Bb7 26. b6 Qb8 27. Nxe5 Nxe5 28. Rxd8
Qxd8 29. Bxe5 Rxe5 30. Qxe5 Bg7 31. Qe1 Bxa1 32. Qxa1 Qd3 33. Qe5 Qd1+ 34. Bf1
Qd7 35. c5 Bc8 36. Qd6 Qe6 37. Qb8 Qd7 38. Bxa6 Kg7 39. Qxc8 1-0

[Event "III Weekend A"]
[Site "Novi Ligure ITA"]
[Date "2008.10.12"]
[Round "5"]
[White "Giudici, Alberto"]
[Black "Maffeo, Mauro"]
[Result "0-1"]
[WhiteElo "2018"]
[BlackElo "1637"]
[PlyCount "75"]
[EventDate "2008.10.10"]

1. g4 e5 2. Bg2 Nc6 3. e3 d6 4. h3 Nge7 5. b3 Be6 6. Bb2 g6 7. Ne2 Bg7 8. Nbc3
d5 9. d4 e4 10. Nf4 Qd7 11. Nxe6 fxe6 12. Qe2 e5 13. dxe5 Nxe5 14. O-O O-O 15.
Rad1 c6 16. Ba3 Nf3+ 17. Bxf3 Rxf3 18. Na4 Rxh3 19. Kg2 Rf3 20. Rg1 Qxg4+ 21.
Kf1 Qh3+ 22. Ke1 b5 23. Bxe7 bxa4 24. Qf1 Bc3+ 25. Ke2 Qf5 26. bxa4 Qh5 27. Rd2
Bxd2 28. Kxd2 Qe5 29. Bc5 Re8 30. Bxa7 Qe6 31. Bd4 c5 32. Bb2 Rb8 33. Ba3 Qb6
34. Rg3 Rbf8 35. Rxf3 Rxf3 36. c4 d4 37. Bc1 dxe3+ 38. Ke2 0-1

[Event "III Weekend A"]
[Site "Novi Ligure ITA"]
[Date "2008.10.12"]
[Round "5"]
[White "Quirico, Paolo"]
[Black "Arata, Roberto Mario"]
[Result "0-1"]
[WhiteElo "2097"]
[BlackElo "2199"]
[PlyCount "54"]
[EventDate "2008.10.10"]

1. d4 d5 2. Bf4 Nf6 3. e3 e6 4. Nf3 Bd6 5. Ne5 Nbd7 6. Nd2 O-O 7. Bd3 Re8 8. h4
Nf8 9. Qf3 c5 10. c3 Qb6 11. Rb1 Bd7 12. g4 Bb5 13. Bc2 cxd4 14. exd4 Ne4 15.
g5 Rac8 16. h5 Bxe5 17. dxe5 Nxd2 18. Bxd2 Qc7 19. Qf4 Nd7 20. g6 fxg6 21. hxg6
Rf8 22. Qh4 Qxe5+ 23. Be3 h6 24. Kd2 Rc4 25. Qh3 d4 26. cxd4 Rxc2+ 27. Kxc2
Qe4+ 0-1

[Event "XV Festival B"]
[Site "Campobasso ITA"]
[Date "2009.07.18"]
[Round "4"]
[White "Tramontano, Stefano"]
[Black "Gallucci, Roberto"]
[Result "1/2-1/2"]
[WhiteElo "1467"]
[BlackElo "1487"]
[PlyCount "71"]
[EventDate "2008.07.18"]

1. c4 e6 2. Nc3 c5 3. e3 Nf6 4. g3 d5 5. cxd5 Nxd5 6. Bg2 b6 7. Nge2 Bb7 8. O-O
Bd6 9. d3 O-O 10. Bd2 Nd7 11. Rc1 Ne5 12. Nxd5 Bxd5 13. Bc3 Bxg2 14. Kxg2 Qf6
15. f4 Ng4 16. Qd2 Qe7 17. e4 Rad8 18. h3 Nh6 19. Rcd1 Bb8 20. b3 Rd7 21. Qb2
f6 22. Rd2 Rfd8 23. Rfd1 Kf7 24. d4 cxd4 25. Nxd4 Qc5 26. Nf3 Rxd2+ 27. Rxd2
Rxd2+ 28. Qxd2 Qd6 29. Qe2 Qc6 30. Bb2 Ng8 31. Kf1 Ne7 32. Nd4 Qb7 33. f5 e5
34. Qc4+ Ke8 35. Qb5+ Kf7 36. Qc4+ 1/2-1/2

[Event "XV Festival A"]
[Site "Montecatini Terme ITA"]
[Date "2008.12.27"]
[Round "1"]
[White "Mola, Pietro"]
[Black "Binder, Andrea"]
[Result "1-0"]
[WhiteElo "2250"]
[BlackElo "1906"]
[PlyCount "74"]
[EventDate "2008.12.27"]

1. Nf3 Nf6 2. c4 d6 3. d4 g6 4. g3 Bg7 5. Bg2 O-O 6. O-O Nbd7 7. Nc3 Re8 8. e4
e5 9. d5 Nc5 10. Ne1 a5 11. Nd3 Nfd7 12. Be3 b6 13. a3 Nxd3 14. Qxd3 Nc5 15.
Qc2 f5 16. f3 f4 17. gxf4 exf4 18. Bxf4 Bd4+ 19. Kh1 Qf6 20. Bd2 Re5 21. Ne2
Rh5 22. Nxd4 Qh4 23. Kg1 Qxh2+ 24. Kf2 Bh3 25. Rg1 Rf8 26. Be3 Rh4 27. Ke1 Bxg2
28. Qxg2 Qe5 29. Rh1 Nd3+ 30. Kd2 Rxh1 31. Rxh1 Nxb2 32. Kc3 Na4+ 33. Kb3 Nc5+
34. Ka2 Nd3 35. Qh3 h5 36. Rg1 Kh7 37. Qd7+ Kh8 1-0

[Event "XV Festival A"]
[Site "Montecatini Terme ITA"]
[Date "2008.12.27"]
[Round "1"]
[White "Perano, Simone"]
[Black "De Filomeno, Simone"]
[Result "0-1"]
[WhiteElo "1876"]
[BlackElo "2147"]
[PlyCount "46"]
[EventDate "2008.12.27"]

1. g4 e5 2. Bg2 d5 3. c4 c6 4. cxd5 cxd5 5. Qb3 Ne7 6. Nc3 Nbc6 7. Nxd5 Nd4 8.
Qc4 Nxd5 9. Bxd5 Nc2+ 10. Kd1 Nxa1 11. Bxf7+ Ke7 12. d3 Qd4 13. Bg5+ Kd6 14.
Qb5 Bd7 15. Qa5 Qa4+ 16. Qxa4 Bxa4+ 17. b3 Bd7 18. Nf3 Bxg4 19. Ne1 Be7 20. Bc1
Rhf8 21. f3 Rxf7 22. fxg4 Rc8 23. Bb2 Bg5 0-1

[Event "XV Festival A"]
[Site "Montecatini Terme ITA"]
[Date "2008.12.28"]
[Round "2"]
[White "Scipioni, Gaetano"]
[Black "Mola, Pietro"]
[Result "1/2-1/2"]
[WhiteElo "2058"]
[BlackElo "2250"]
[PlyCount "74"]
[EventDate "2008.12.27"]

1. d4 Nf6 2. Nf3 d6 3. Bf4 g6 4. c4 Bg7 5. Nc3 O-O 6. e3 c6 7. Be2 Qb6 8. Qb3
Qxb3 9. axb3 Nh5 10. Bg5 Re8 11. O-O h6 12. Bh4 g5 13. Bg3 Nd7 14. Rfd1 a6 15.
b4 Nxg3 16. hxg3 Rb8 17. Ra5 Nf6 18. Bd3 Be6 19. Nd2 Nd7 20. f3 Nf6 21. Nde4
Nxe4 22. Nxe4 f5 23. Nc3 Rf8 24. Be2 f4 25. gxf4 gxf4 26. e4 Bc8 27. d5 b6 28.
Raa1 c5 29. b5 a5 30. Na4 Kf7 31. Bd3 Be5 32. Kf1 Rg8 33. Rd2 Bd7 34. Ke1 Ke8
35. Kd1 Kd8 36. Kc2 Kc7 37. Rh1 Rg6 1/2-1/2

[Event "XV Festival A"]
[Site "Montecatini Terme ITA"]
[Date "2008.12.28"]
[Round "3"]
[White "Mola, Pietro"]
[Black "Finocchiaro, Gianluca"]
[Result "1-0"]
[WhiteElo "2250"]
[BlackElo "2026"]
[PlyCount "51"]
[EventDate "2008.12.27"]

1. Nf3 d6 2. d4 Bg4 3. c4 Bxf3 4. exf3 c6 5. Nc3 Nd7 6. Be2 Ngf6 7. O-O e5 8.
d5 Be7 9. Be3 O-O 10. Qb3 Qc7 11. Rac1 Nh5 12. Rfe1 Rfe8 13. Qc2 Nf4 14. Bf1
cxd5 15. Bxf4 exf4 16. Nxd5 Qd8 17. Bd3 g6 18. Qd2 Ne5 19. Be4 Bg5 20. b3 Bh6
21. Nc3 Qg5 22. Bxb7 Rab8 23. Bd5 Qh4 24. Nb5 Rxb5 25. cxb5 g5 26. h3 1-0

[Event "XV Festival A"]
[Site "Montecatini Terme ITA"]
[Date "2008.12.29"]
[Round "4"]
[White "Lazic, Miroljub"]
[Black "Mola, Pietro"]
[Result "1/2-1/2"]
[WhiteElo "2472"]
[BlackElo "2250"]
[PlyCount "50"]
[EventDate "2008.12.27"]

1. g3 e5 2. Bg2 Nf6 3. c4 c6 4. d4 exd4 5. Qxd4 Na6 6. Nc3 Bc5 7. Qe5+ Be7 8.
Nf3 O-O 9. O-O d6 10. Qd4 Nb4 11. Qd1 Bf5 12. Nd4 Bg6 13. e4 h6 14. Re1 Re8 15.
a3 Na6 16. g4 Nd7 17. Nf5 Bxf5 18. gxf5 Ne5 19. Bf1 Bh4 20. Qe2 Nc5 21. Be3 a5
22. b4 Ncd3 23. Red1 axb4 24. axb4 Rxa1 25. Rxa1 Nxb4 1/2-1/2

[Event "XV Festival A"]
[Site "Montecatini Terme ITA"]
[Date "2008.12.29"]
[Round "5"]
[White "Mola, Pietro"]
[Black "Cordara, Michele"]
[Result "1-0"]
[WhiteElo "2250"]
[BlackElo "2109"]
[PlyCount "77"]
[EventDate "2008.12.27"]

1. Nf3 c5 2. e3 Nf6 3. d4 b6 4. Bd3 Bb7 5. O-O g6 6. c4 cxd4 7. exd4 Bg7 8. d5
O-O 9. Nc3 Na6 10. Re1 d6 11. Bg5 h6 12. Be3 Nc5 13. Bf1 e5 14. dxe6 Nxe6 15.
Nd4 Nxd4 16. Bxd4 d5 17. cxd5 Nxd5 18. Bxg7 Kxg7 19. Qd4+ Qf6 20. Qxf6+ Nxf6
21. Nb5 Rfd8 22. Re7 Rd7 23. Rxd7 Nxd7 24. Re1 Kf8 25. Bc4 Nf6 26. Rd1 Bc6 27.
Rd6 Bxb5 28. Bxb5 Ke7 29. Rc6 Nd5 30. Rc1 Rd8 31. Rd1 Kd6 32. Bc4 Kc5 33. Rc1
Rd6 34. Bf1+ Kd4 35. g3 g5 36. Rd1+ Ke5 37. Bc4 f5 38. b3 Nc7 39. f4+ 1-0

[Event "XV Festival A"]
[Site "Montecatini Terme ITA"]
[Date "2008.12.30"]
[Round "6"]
[White "Mola, Pietro"]
[Black "Caposciutti, Maurizio"]
[Result "1/2-1/2"]
[WhiteElo "2250"]
[BlackElo "2313"]
[PlyCount "73"]
[EventDate "2008.12.27"]

1. Nf3 c5 2. c4 Nc6 3. g3 g6 4. Bg2 Bg7 5. O-O Nf6 6. Nc3 O-O 7. d4 cxd4 8.
Nxd4 Qa5 9. Nb3 Qh5 10. e4 Qxd1 11. Rxd1 d6 12. c5 dxc5 13. Nxc5 Rb8 14. Bf4 e5
15. Bg5 b6 16. Nb3 Be6 17. Nd5 Bxd5 18. exd5 Ne7 19. Rac1 Rbc8 20. d6 Nf5 21.
Rc7 Nxd6 22. Rxa7 Rcd8 23. Rc1 h6 24. Be3 Nb5 25. Rb7 Nd4 26. Bxd4 exd4 27.
Rxb6 d3 28. Rd1 Ng4 29. h3 Ne5 30. Nd2 Rfe8 31. a4 Nd7 32. Rd6 Nc5 33. Rxd8
Rxd8 34. b3 Bc3 35. Ne4 Nxe4 36. Bxe4 d2 37. Bc2 1/2-1/2

[Event "XIX Festival B"]
[Site "Robecchetto con Induno ITA"]
[Date "2008.12.27"]
[Round "1"]
[White "Alberio, Silvio"]
[Black "Scappaticci, Gabriele"]
[Result "1-0"]
[WhiteElo "1720"]
[BlackElo "1449"]
[PlyCount "77"]
[EventDate "2008.12.27"]

1. d4 d5 2. c4 c6 3. Nc3 Nf6 4. Nf3 e6 5. e3 Nbd7 6. Qc2 Bd6 7. b3 O-O 8. Be2
e5 9. cxd5 cxd5 10. dxe5 Nxe5 11. O-O Be6 12. Bb2 Qc7 13. Nd4 a6 14. Rac1 Rac8
15. Qb1 Nc6 16. Nf3 Qd7 17. Na4 Qe7 18. Ng5 g6 19. Qa1 Ne8 20. Nf3 b5 21. Nc3
f6 22. Rfd1 Nc7 23. Nb1 Bd7 24. g3 Ne5 25. Nc3 Bg4 26. Nxe5 Bxe2 27. Nxg6 hxg6
28. Nxe2 Be5 29. Nd4 Qd7 30. Qb1 Kf7 31. Nf3 Bxb2 32. Qxb2 Qg4 33. Nd4 Rh8 34.
f3 Qg5 35. Qe2 Rce8 36. Rxc7+ Kg8 37. f4 Qh6 38. Qg2 Qh5 39. g4 1-0

[Event "XIX Festival B"]
[Site "Robecchetto con Induno ITA"]
[Date "2008.12.27"]
[Round "1"]
[White "Angalone, Ruggero"]
[Black "Colombo, Maurizio"]
[Result "0-1"]
[WhiteElo "1443"]
[BlackElo "1718"]
[PlyCount "32"]
[EventDate "2008.12.27"]

1. e4 e6 2. d4 d5 3. e5 c5 4. Nf3 Qb6 5. Nc3 cxd4 6. Nxd4 Bc5 7. Be3 Bd7 8. b3
Ne7 9. Qc1 Bxd4 10. Bxd4 Qxd4 11. Qe3 Qxe3+ 12. fxe3 Ng6 13. Bb5 Nxe5 14. Bxd7+
Kxd7 15. Rf1 f6 16. Rd1 Rc8 0-1